000 00568nam a2200241 a 4500
001 nice12345678
003 IN_TiNIC
005 20260116012848.0
008 050524s1981 u sa grp 000 0 eng
020 _a
_c193.55
082 0 0 _a248.4
_bWAR
100 _aWard, Ted
245 _aValues Begin at Home
260 _aU S A
_bVictor Books
_c1981
300 _a120p
500 _aincludes index and biblioraphy
505 2 _aGlossary, Bibliography
650 _aChristian-Family
700 1 _aWard, Ted
902 _bSRS
942 _cBK
999 _c8683
_d8683